<?xml version="1.0" encoding="UTF-8"?>
<marc:record xmlns:marc="http://www.loc.gov/MARC21/slim">
   <marc:leader>00000nam a2200000 a 4500</marc:leader>
   <marc:datafield ind1=" " ind2=" " tag="653">
      <marc:subfield code="a">1-4 Spieler</marc:subfield>
   </marc:datafield>
   <marc:datafield ind1=" " ind2=" " tag="653">
      <marc:subfield code="a">Detektivspiel</marc:subfield>
   </marc:datafield>
   <marc:datafield ind1=" " ind2=" " tag="653">
      <marc:subfield code="a">Deduktionsspiel</marc:subfield>
   </marc:datafield>
   <marc:datafield ind1="0" ind2="0" tag="245">
      <marc:subfield code="a">The Key-  Einbruch im Royal Star Casino</marc:subfield>
   </marc:datafield>
   <marc:datafield ind1=" " ind2="1" tag="264">
      <marc:subfield code="a">Rodach</marc:subfield>
      <marc:subfield code="b">HABA</marc:subfield>
      <marc:subfield code="c">2022</marc:subfield>
   </marc:datafield>
   <marc:datafield ind1="1" ind2=" " tag="520">
      <marc:subfield code="a">Eine schwere Einbruchsserie erschüttert das Royal-Star-Casino - gerade als die Tresore des Glückspieltempels reich gefüllt sind. Selbst modernste Sicherheitstechnologien konnten das nicht verhindern! Wie sind die drei Täter nur an die sensiblen Daten gekommen? Jetzt seit ihr an der Reihe: Nehmt die Ermittlungsarbeit auf und kombiniert alle Hinweise zu Tresornummer, Täten, Tatzeiten und den eingegebenen codes. findet den richtigen Zahlencode und bringt die Einbrecher mit dem Schlüssel zurück hinter Schloss und Riegel. Hier gewinnt nicht unbedingt das schnellste, sonder das effizienteste Ermittlergenie!</marc:subfield>
   </marc:datafield>
   <marc:datafield ind1="3" ind2=" " tag="024">
      <marc:subfield code="a">4010168262932</marc:subfield>
   </marc:datafield>
   <marc:datafield ind1=" " ind2=" " tag="041">
      <marc:subfield code="a">ger</marc:subfield>
   </marc:datafield>
   <marc:datafield ind1=" " ind2=" " tag="338">
      <marc:subfield code="a">Gegenstand</marc:subfield>
   </marc:datafield>
</marc:record>
